Normal view
MARC view
- Kovalev, Vladimir A, Eichinger, William E
Entry Personal Name
001 - CONTROL NUMBER
- control field: 62794
003 - CONTROL NUMBER IDENTIFIER
- control field: NUST
005 - DATE AND TIME OF LATEST TRANSACTION
- control field: 20210628203010.0
008 - FIXED-LENGTH DATA ELEMENTS
- fixed length control field: 210628|| aca||aabn | a|a d
040 ## - CATALOGING SOURCE
- Original cataloging agency: NUST
- Transcribing agency: NUST
100 ## - HEADING--PERSONAL NAME
- Personal name: Kovalev, Vladimir A, Eichinger, William E
670 ## - SOURCE DATA FOUND
- Source citation: Work cat.: (NUST): Kovalev, Vladimir A, Eichinger, William E, Elastic lidar, theory, practice, and analysis methods, 2004
